| 000 | 01055nam a22003017c 4500 | ||
|---|---|---|---|
| 003 | EG-GICUC | ||
| 005 | 20260203080757.0 | ||
| 008 | 260203s1955 -us||||fr|||| 001 0 eng d | ||
| 040 |
_aEG-GiCUC _beng _cEG-GiCUC _dEG-GiCUC _erda |
||
| 041 | 0 | _aeng | |
| 082 | 0 | 4 |
_221 _a341.9 _bHI |
| 092 | 0 | 4 | _221 |
| 099 | _aLaw 12 341.9 HI 1955 | ||
| 100 | 1 |
_aPiggott, Francis _eAuthor. |
|
| 245 | 0 | 2 |
_aA History Of The School Of Law Columbia University / _cBy The Staff Of The Foundation For Research In Legal History, Under The Direction Of Julius Goebel, Jr. |
| 264 | 3 |
_aNew York : _bColumbia University Press, _c1955. |
|
| 300 |
_a524 pages. _c24 cm |
||
| 336 |
_2rda content _atext |
||
| 337 |
_2rda media _aComputer |
||
| 338 |
_2rda carrier _aOnline Resource |
||
| 504 | _aIncludes bibliographical references and index. | ||
| 546 | _aText in English | ||
| 650 | 1 | 4 | _aPrivate international law |
| 700 | 1 |
_aGoebel , Julius _eContributor |
|
| 856 | 4 | 0 | _uhttps://fll.law.cu.edu.eg/fulltext/bks/B12-01782.pdf |
| 905 | _a48 | ||
| 942 |
_2ddc _cBK _e21 _n0 |
||
| 999 |
_c60413 _d60413 |
||